Stopami dávných věků : mezi Nilem a Tigridem /

Hlavní autor: Bič, Miloš, 1910-2004
Jazyk: Čeština
Vydáno: Praha : Vyšehrad, 1979
Externí odkaz: Digitalizovaný dokument
Fyzický popis: 274 s., [32] s. obr. příl., [2] l. mapy : il., mapy ; 25 cm
Knihy
Uloženo v:
LEADER 01080nam a22002772a 4500
001 000108450
003 CZ BrMZK
005 20260601103321.0
007 ta
008 010907s1979 xr abf 000 0 cze d
015 |a cnb000119075 
035 |a (OCoLC)5475831 
040 |a BOA001  |b cze  |c BOA001 
080 |a 933(0.062)  |2 MRF 
080 |a 956.94(0.062)  |2 MRF 
080 |a 932(0.062)  |2 MRF 
100 1 |a Bič, Miloš,  |d 1910-2004  |7 jk01012008  |4 aut 
245 1 0 |a Stopami dávných věků :  |b mezi Nilem a Tigridem /  |c Miloš Bič ; [mapy Vladimír Vokálek] 
260 |a Praha :  |b Vyšehrad,  |c 1979 
300 |a 274 s., [32] s. obr. příl., [2] l. mapy :  |b il., mapy ;  |c 25 cm 
500 |a 22000 výt. 
856 4 1 |u https://www.digitalniknihovna.cz/mzk/uuid/uuid:8e150fe0-7779-11e3-9be6-005056827e52  |y Digitalizovaný dokument  |x NDK 
910 |a BOA001  |b 2-0804.149 
990 |a BK 
996 6 |b 2619810648  |c 2-0804.149  |l MZK  |r Sklad / do 1 hodiny  |n 5  |w 000108450  |u 000020  |a 1  |e BOA001  |j MZK50  |s P 
996 7 |b 2619999192  |c 2-0804.149  |l MZK  |r Sklad / do 1 hodiny  |n 26  |w 000108450  |u 000010  |a 1  |e BOA001  |j MZK50  |s A